| 000 | 00553nam a2200193Ia 4500 | ||
|---|---|---|---|
| 003 | OSt | ||
| 005 | 20250808172256.0 | ||
| 008 | 210210b1960 xxu||||| |||| 00| 0 eng d | ||
| 040 | _cAL | ||
| 041 | _akan | ||
| 082 | _a859/1724 | ||
| 100 |
_aVRANDAVANALALA VARMA _9138204 _dವೃಂದಾವನ ಲಾಲ್ ವರ್ಮಾ |
||
| 245 |
_aMraganayini _bಮೃಗನಯಿನಿ |
||
| 260 |
_aMaisuru _bD V K Murthy, Prakashakaru., _c1960 |
||
| 650 |
_aMraganayini _9138205 |
||
| 690 |
_aKannada Fiction _9138206 |
||
| 906 | _a022444 | ||
| 942 |
_2ddc _cBK |
||
| 999 |
_c146848 _d146848 |
||